00783nam a2200193 a 4500003000200000005001700002008004100019050002800060100002700088245014500115260009200260300004000352504004100392650004000433650004100473650003300514650001900547650002300566020250609101748.0021119s19uu xx 00 eng d aPGS RJ 206 b.P972 2000 aPruna, Bryan Miguel L. aA comparative study on the eating habits of grade 3 and 4 students of Southville International School SY 1999-2000 /cBryan Miguel L. Pruna. aLas Piñas City, Philippines : bSouthville International School and Colleges,c2000. a33 pages :billustrations ;c28 cm. aIncludes bibliographical references. aChildrenvNutritionzPhilippines.  aSchool childrenvHealth and hygiene. aDietvPsychological aspects. aEating habits. aNutrition surveys.